Normal view
MARC view
- جمع السندبسطي، محمد عواد
Entry Personal Name
001 - CONTROL NUMBER
- control field: 36659
003 - CONTROL NUMBER IDENTIFIER
- control field: JO-AjAnu
005 - DATE AND TIME OF LATEST TRANSACTION
- control field: 20230606080123.0
008 - FIXED-LENGTH DATA ELEMENTS
- fixed length control field: 230606|| aca||aabn | a|a d
040 ## - CATALOGING SOURCE
- Original cataloging agency: JO-AjAnu
- Transcribing agency: JO-AjAnu
100 ## - HEADING--PERSONAL NAME
- Personal name: جمع السندبسطي، محمد عواد
670 ## - SOURCE DATA FOUND
- Source citation: Work cat.: (JO-AjAnu)18818: جمع السندبسطي، محمد عواد, author, حياة الإسلام في معرفة صفات الله عز وجل وصفات رسوله الأعظم صلى الله عليه وسلم